Applied Underwater Acoustics / (Record no. 168873)

MARC details
000 -LEADER
fixed length control field 00854nam a2200277 a 4500
008 - FIXED-LENGTH DATA ELEMENTS--GENERAL INFORMATION
fixed length control field
020 ## - INTERNATIONAL STANDARD BOOK NUMBER
International Standard Book Number 9780128112403 (paperback)
040 ## - CATALOGING SOURCE
Original cataloging agency NUST
Transcribing agency NUST
049 ## - LOCAL HOLDINGS (OCLC)
Holding library MAIN
090 ## - LOCALLY ASSIGNED LC-TYPE CALL NUMBER (OCLC); LOCAL CALL NUMBER (RLIN)
Classification number (OCLC) (R) ; Classification number, CALL (RLIN) (NR) QC242.2
Local cutter number (OCLC) ; Book number/undivided call number, CALL (RLIN) BJO
003 - CONTROL NUMBER IDENTIFIER
control field
005 - DATE AND TIME OF LATEST TRANSACTION
control field 20230123141153.0
100 1# - MAIN ENTRY--PERSONAL NAME
Personal name Bjorno, Leif.
245 10 - TITLE STATEMENT
Title Applied Underwater Acoustics /
Statement of responsibility, etc. Bjorno, Leif. ;edited by Bjorno, Leif and Bradley, David
260 ## - PUBLICATION, DISTRIBUTION, ETC.
Place of publication, distribution, etc. United Kingdom, Elsevier,
Date of publication, distribution, etc. 2017
300 ## - PHYSICAL DESCRIPTION
Extent xv, 964 pages :
Other physical details illustrations ;
Dimensions 23cm
336 ## - CONTENT TYPE
Content type term text
Content type code txt
Source rdacontent
337 ## - MEDIA TYPE
Media type term unmediated
Media type code n
Source rdamedia
338 ## - CARRIER TYPE
Carrier type term volume
Carrier type code nc
Source rdacarrier
500 ## - GENERAL NOTE
General note Includes index.
650 #1 - SUBJECT ADDED ENTRY--TOPICAL TERM
Topical term or geographic name entry element Sound Propagation
700 ## - ADDED ENTRY--PERSONAL NAME
Personal name Bradley, David
700 ## - ADDED ENTRY--PERSONAL NAME
Personal name Neighbors III, Thomas H.
907 ## - LOCAL DATA ELEMENT G, LDG (RLIN)
a .b10401441
b 20-05-21
c 27-04-21
942 ## - ADDED ENTRY ELEMENTS (KOHA)
Koha item type Ordinary Loan Books
Call number prefix QC242.2
Call number suffix BJO
Holdings
Date last seen Total Checkouts Full call number Barcode Cost, replacement price Price effective from Koha item type Lost status Source of classification or shelving scheme Damaged status Not for loan Collection Withdrawn status Home library Current library Shelving location Date acquired Cost, normal purchase price
01/23/2023   QC242.2 BJO 92004047620 80.00 01/23/2023 BOOKS   LCC     NFIC   MAIN MAIN GEN 01/23/2023 80.00